ბათუმის შოთა რუსთაველის სახელმწიფო უნივერსიტეტის ბიბლიოთეკა

ენეიდა : (ბიბ.ჩანაწერი № 55960)

000 -ლიდერი
ფიქსირებული სიგრძის საკონტროლო ველი 01476nam a2200241Ia 4500
001 - საკონტროლო ნომერი
საკონტროლო ველი 23059
003 - საკონტროლო ნომრის იდენტიფიკატორი
საკონტროლო ველი GE_BSU
005 - ბოლო ოპერაციის თარიღი და დრო
საკონტროლო ველი 20230615111256.0
008 - ფიქსირებული სიგრძის მონაცემთა ელემენტები - ზოგადი ინფორმაცია
ფიქსირებული სიგრძის საკონტროლო ველი 181216s1976ge xx |||||||||||||| ||geo||
040 ## - კატალოგიზაციის წყარო
Transcribing agency GE_BSU
041 ## - ენის კოდი
Language code of text/sound track or separate title geo
080 ## - უნივერსალური ათობითი კლასიფიკაციის ინდექსი
Universal Decimal Classification number 821.124-13 ვ-35
100 ## - მთავარი ჩანაწერი - პიროვნების სახელი
Personal name ვერგილიუს მარო, პუბლიუს, ძვ. წ. 70-ახ. წ. 19.
9 (RLIN) 18730
245 ## - ცნობა სათაურის შესახებ
Title ენეიდა :
Remainder of title [საგმირო-პოემა] /
Statement of responsibility, etc მარო, პუბლიუს ვერგილიუს, ლათინურიდან თარგმნა, წინასიტყვაობა და საძიებელი დაურთო რომან მიმინოშვილმა ; რედაქტორი ა. ურუშაძე.
264 ## - წარმოების, გამოცემის, დისტრიბუციის და სხვა ცნობები
გამოცემის, წარმოების, დისტრიბუციის... ადგილი თბილისი :
გამოცემის, წარმოების, დისტრიბუციის... სახელწოდება საბჭ. საქართველო,
გამოცემის, წარმოების, დისტრიბუციის... თარიღი 1976.
300 ## - ფიზიკური აღწერა
Extent 344 გვ.;
Other physical details 11 ფ. ილ.
Dimensions 22 სმ.
501 ## - შენიშვნა თანმხლებ მასალაზე
With note კომენტარები: გვ. 294-305.ეთნიკურ, საკუთარ და გეოგრაფიულ სახელთა საძიებელი: გვ. 306-342.
653 ## - INDEX TERM--UNCONTROLLED
Uncontrolled term ენეიდა : [საგმირო-პოემა]
653 ## - INDEX TERM--UNCONTROLLED
Uncontrolled term პოემა
700 ## - ADDED ENTRY--PERSONAL NAME
Personal name მიმინოშვილი, რომან
Relator term მთარგმნელი
9 (RLIN) 18731
700 ## - ADDED ENTRY--PERSONAL NAME
Personal name ურუშაძე, ა
Relator term რედაქტორი
9 (RLIN) 3915
942 ## - ADDED ENTRY ELEMENTS (KOHA)
Koha item type წიგნი
Source of classification or shelving scheme
ეგზემპლარები
ჩამოწერის სტატუსი დაკარგული ეგზემპლარის სტატუსი კლასიფიკაციის წყარო ან თაროზე გაწყობის სქემა დაზიანების სტატუსი არ გაიცემა მუდმივი მდებარეობა (დაცვის ადგილი) ამჟამინდელი ადგილსამყოფელი თაროზე განთავსების ადგილი შეძენის თარიღი ღირებულება, შესყიდვის ნორმალური ფასი სრული შენახვის შიფრი შტრიხკოდი ბოლო ოპერაციის თარიღი ეგზემპლარის მიმდევრობითი ნომერი (კეტერი?) ფასის ძალაში შესვლის თარიღი ეგზემპლარის სახეობა საჯარო შენიშვნა Uniform Resource Identifier
          ბათუმის შოთა რუსთაველის სახელმწიფო უნივერსიტეტის მთავარი ბიბლიოთეკა ბათუმის შოთა რუსთაველის სახელმწიფო უნივერსიტეტის მთავარი ბიბლიოთეკა წიგნსაცავი 2018-12-17 6.00 821.124-13 ვ-35 58485 2018-12-17 58485 2018-12-17 წიგნი 6ლ.20თ.  
          ბათუმის შოთა რუსთაველის სახელმწიფო უნივერსიტეტის მთავარი ბიბლიოთეკა ბათუმის შოთა რუსთაველის სახელმწიფო უნივერსიტეტის მთავარი ბიბლიოთეკა წიგნსაცავი 2018-12-17 1.00 821.124-13 ვ-35 58506 2018-12-17 58506 2018-12-17 წიგნი 1ლ.50თ.  
          ბათუმის შოთა რუსთაველის სახელმწიფო უნივერსიტეტის მთავარი ბიბლიოთეკა ბათუმის შოთა რუსთაველის სახელმწიფო უნივერსიტეტის მთავარი ბიბლიოთეკა წიგნსაცავი 2023-06-15 6.00 821.124-13 ვ-35 64676 2023-06-15 64676 2023-06-15 წიგნი 6.00 ბსუ-ს საპატიო დოქტორის გურამ ლორთქიფანიძის საჩუქარი